000 00529nam a22001817a 4500
003 NUST - PNEC
005 20170116180825.0
008 150630b xxu||||| |||| 00| 0 eng d
020 _a0070991367
040 _cLIBRARY
082 _a512 MEN
100 _94280
_aMendelson, Elliott
245 _aSchaum's outline of theory and problems of Boolean algebra and switching circuits.
_cElliott Mendelson
260 _aNew York
_bMc graw-hill book
_cc1987.
300 _a213 p. :
650 _94282
_aAlgebra
_xME
942 _2ddc
_cBK
999 _c63840
_d63840